| 000 | 00731cam a22002534a 4500 | ||
|---|---|---|---|
| 005 | 20260322212057.0 | ||
| 008 | data | ||
| 010 | _a 2005273130 | ||
| 020 | _a9781577311522 | ||
| 020 | _a9781577314806 | ||
| 040 |
_aDLC _cDLC _dDLC |
||
| 042 | _apcc | ||
| 050 | 0 | 0 |
_aBL624 _b.T64 2004 |
| 082 | 0 | 0 |
_a204/.4 _222 |
| 092 | _a291.4 Tol 1997 | ||
| 100 | 1 |
_aTolle, Eckhart, _d1948- |
|
| 245 | 1 | 4 |
_aThe power of NOW : _ba guide to spiritual enlightenment / _cEckhart Tolle. |
| 260 |
_aNovato, Calif. : _bNew World Library, _aNovato, Calif. : _bNew World Library, _cc1997. |
||
| 300 |
_a235 p. ; _c22 cm. |
||
| 504 | _aIncludes bibliographical references (p. 231). | ||
| 650 | 4 | _aSpirituality | |
| 650 | 4 | _aSpiritual choices | |
| 001 | data | ||
| 999 |
_c1351 _d1351 |
||